Formel 1 Podium 1998 - Statistiken

Allgemein
  • Dieses Quiz wurde 199 mal gespielt
  • Das Durchschnittsergebnis liegt bei 8 aus 10
Antwortstatistiken
Antwort % Korrekt
Michael Schumacher
100%
Ralf Schumacher
100%
Mika Häkkinen
97%
David Coulthard
91%
Damon Hill
81%
Eddie Irvine
81%
Jacques Villeneuve
80%
Heinz-Harald Frentzen
78%
Giancarlo Fisichella
70%
Jean Alesi
57%
Keine übereinstimmenden Quizze gefunden
Verteilung der Resultate
Anzahl Personen mit jedem Resultat
Perzentil nach korrekt beantworteten Fragen
Ihre Resultats-Entwicklung
Sie haben dieses Quiz noch nicht gespielt